| 000 | 00604nam a2200181Ia 4500 | ||
|---|---|---|---|
| 008 | 151119s9999||||xx |||||||||||||| ||und|| | ||
| 082 | _bGKKV32813 | ||
| 100 | _aस्वामी विद्यानंद | ||
| 245 | _aपत्रबोध | ||
| 260 | _aहडपसर | ||
| 260 | _bस्वामी विद्यानंद सेवा मंडळ | ||
| 260 | _c2011 | ||
| 600 | _aस्वामी विद्यानंद | ||
| 630 | _aपत्रबोध | ||
| 700 | _aस्वामी विद्यानंद | ||
| 730 | _aपत्रबोध | ||
| 942 | _cBOOK | ||
| 999 |
_c1085114 _d1085111 |
||